000 00584nam a2200181 a 4500
999 _c8335
_d8335
020 _a0582050677 (hardcover)
020 _a9780582050679 (hardcover)
100 1 _aCampbell-Allen, Denison.
245 1 0 _aConcrete Structures: materials, maintenance, and repair
260 _a[S.l.] :
_bLongman Pub Group,
_c1996.
300 _a388 p. ;
650 _aConcrete construction.
650 _aConcrete.
650 _aConcrete construction-Maintenance and repair.
700 1 _aRoper, Harold.
856 4 0 _uhttps://www.amazon.com/exec/obidos/ASIN/0582050677/chopaconline-20
942 _cBK